Statistics for Perfect squares up to 100 squared

Click here to take the quiz!

General Stats

  • This quiz has been taken 485 times
  • The average score is 63 of 100

Answer Stats

HintAnswer% Correct
11
98%
10100
96%
11121
96%
12144
96%
525
96%
636
96%
24
96%
39
96%
416
95%
749
95%
864
95%
981
95%
13169
94%
14196
92%
15225
92%
20400
91%
16256
90%
17289
88%
18324
88%
19361
88%
21441
88%
22484
86%
25625
86%
23529
85%
24576
83%
30900
83%
26676
80%
27729
80%
29841
78%
31961
78%
28784
77%
321024
76%
401600
76%
331089
74%
502500
72%
351225
71%
603600
71%
341156
69%
361296
68%
371369
66%
411681
66%
381444
65%
452025
65%
391521
64%
421764
64%
431849
63%
512601
62%
553025
62%
704900
62%
441936
61%
522704
61%
492401
60%
462116
59%
472209
59%
482304
59%
532809
59%
542916
59%
563136
58%
573249
58%
583364
57%
613721
57%
806400
57%
593481
56%
908100
56%
654225
55%
10010000
54%
623844
54%
633969
53%
644096
52%
664356
48%
674489
46%
715041
46%
755625
46%
684624
45%
694761
44%
959025
44%
725184
43%
918281
42%
816561
41%
735329
40%
745476
39%
928464
38%
765776
37%
857225
37%
938649
37%
948836
37%
969216
37%
999801
37%
775929
36%
796241
35%
979409
35%
786084
34%
989604
34%
826724
33%
887744
32%
897921
31%
836889
30%
847056
28%
867396
28%
877569
28%

Score Distribution

Percentile by Number Answered

Percent of People with Each Score

Your Score History

You have not taken this quiz